00453nam a2200169Ia 4500999001700000003000400017005001700021008004100038040001800079082001800097100002500115245004700140260003500187300000900222650001000231942004200241 c16059d16059OSt20200606115847.0190216s9999||||xx |||||||||||||| ||und|| cMESKC library a891.43bGOU/A aGaud, Ramsharan9255 0aAntharktha Sandarbh Kosh /cRamsharan Gaud bAnil Prakashan,aDelhi:c1998. a285p aHindi cBK2ddch891.43iGOU/Ak891.43mGOU/A